000 00506nam a2200205 a 4500
001 640
003 CO-ViMGA
008 141112s2004 ck r 000 u spa d
020 _a8434828863
040 _aCO-ViMGA
_bspa
_cCO-ViMGA
082 0 4 _a863.64 M856f
100 1 _aMuñoz Martín, Juan
245 1 0 _aFray Perico en la guerra
250 _a11a
260 _aMadrid :
_bS.M,
_c1996
300 _a158 p. : il
490 _aEl barco de vapor, 61
650 1 4 _aNOVELA ESPAÑOLA
_9488
942 _2ddc
_cBK
999 _c12879
_d12879